| 000 | 01123cam a2200253 4500 | ||
|---|---|---|---|
| 001 | ABS65377 | ||
| 008 | 020507n2002 000 0 eng u | ||
| 035 | _a(Sirsi) u117846 | ||
| 100 | _aParker, A. | ||
| 245 | _aBiogas in brownfield site-cause for concern? | ||
| 260 | _c2002 | ||
| 490 |
_aWastes Management _vApril 2002, 60(1) |
||
| 520 | _aCalls for guidelines from Department of Environment, Transport and the Regions to correlate methane concentrations and emission rates so that many brownfield sites presently blighted by 1991 information could be safely released for redevelopment. This would reduce use of greenfield sites by developers. Previous research was based on measurement of gas concentrations whereas recent developments can consider the rate at which biogas escapes from the site and possible into buildings. Table | ||
| 590 | _aABS | ||
| 650 | _aBROWNFIELD SITES | ||
| 650 | _aCONTAMINATED LAND | ||
| 650 | _aREMEDIATION | ||
| 650 | _aBIOGAS | ||
| 650 | _aWASTE INDUSTRY | ||
| 690 | _aENVIRONMENT-CONTAMINATION | ||
| 700 | _aSladen, J.A. | ||
| 700 | _aDorrell, .G.L. | ||
| 942 | _n0 | ||
| 999 |
_c70173 _d70173 |
||